[Event "AUTO-MASTER-2053"]
[Site "http://www.queenalice.com/game.php?id=1265501"]
[Date "2014.3.16"]
[Round "1"]
[White "vivafischer"]
[Black "Gazzana"]
[Result "1-0"]
[WhiteElo "2088"]
[BlackElo "2102"]

1. d4 Nf6 2. c4 e5 3. dxe5 Ng4 4. Bf4 Nc6 5. Nf3 Bb4+ 6. Nc3 Qe7 7. Qd5 Bxc3+ 8.
bxc3 Qa3 9. Qd2 Qa5 10. e3 Ngxe5 11. Nxe5 Nxe5 12. Be2 d6 13. O-O O-O 14. Rab1
Ng6 15. Bg3 a6 16. Bf3 Rb8 17. Rb4 Qg5 18. Rd1 h5 19. h4 Nxh4 20. Bxh4 Qxh4 21.
c5 Qg5 22. cxd6 cxd6 23. Qxd6 Bg4 24. Qg3 f5 25. Rd7 h4 26. Bd5+ Kh8 27. Qf4
Qxf4 28. Rxf4 b5 29. f3 Bh5 30. Rxh4 g6 31. g4 fxg4 32. fxg4 Rbd8 33. Rxd8 Rxd8
34. e4 1-0

[Event "AUTO-MASTER-2062"]
[Site "http://www.queenalice.com/game.php?id=1270006"]
[Date "2014.4.3"]
[Round "1"]
[White "josebaron"]
[Black "Gazzana"]
[Result "0-1"]
[WhiteElo "1903"]
[BlackElo "2167"]

1. e4 e5 2. Bc4 Nf6 3. d3 Bc5 4. h3 h6 5. Nf3 Nc6 6. Nc3 d6 7. O-O O-O 8. Nd5
Be6 9. Nh2 Bxd5 10. exd5 Ne7 11. Qf3 Nh7 12. Qg4 f5 13. Qh4 Qe8 14. Be3 Ng6 15.
Qh5 Bb6 16. c3 Kh8 17. Bxb6 axb6 18. a4 Nf4 19. Qxe8 Rfxe8 20. Rfe1 Nf6 21. Nf3
N4xd5 22. Nh4 Ne7 23. Bf7 Rf8 24. Ng6+ Nxg6 25. Bxg6 f4 26. f3 Nd5 27. Be4 Ne3
28. Re2 c6 29. d4 exd4 30. cxd4 d5 31. Bd3 c5 32. dxc5 bxc5 33. Bb5 b6 34. b3 d4
35. Kf2 g5 36. g4 Rfd8 37. Rd2 Kg7 38. Bc6 Rac8 39. Be4 Rc7 40. a5 bxa5 41. Rxa5
c4 42. bxc4 Nxc4 43. Rc2 d3 44. Bxd3 Rxd3 45. Raa2 Rdd7 46. Ra4 Ne3 47. Rxc7
Rxc7 48. Ra2 Rc2+ 49. Rxc2 Nxc2 50. Kg2 Kf6 51. h4 Ke5 52. hxg5 hxg5 53. Kf2 Kd4
54. Ke2 Kc3 55. Kf2 Kd3 56. Kg2 Ke3 0-1

[Event "AUTO-MASTER-2062"]
[Site "http://www.queenalice.com/game.php?id=1270007"]
[Date "2014.4.3"]
[Round "1"]
[White "Gazzana"]
[Black "josebaron"]
[Result "1-0"]
[WhiteElo "2147"]
[BlackElo "1896"]

1. e4 e5 2. Nc3 Nf6 3. f4 d6 4. Bc4 Be7 5. Nf3 O-O 6. O-O exf4 7. d4 Bg4 8. Bxf4
Nh5 9. Be3 c6 10. Qd3 Bxf3 11. Rxf3 Nf6 12. Raf1 Nbd7 13. g4 Nxg4 14. Rxf7 Rxf7
15. Bxf7+ Kh8 16. Bf4 Qb6 17. Kh1 Qxb2 18. Be6 Ndf6 19. e5 dxe5 20. dxe5 Rd8 21.
exf6 Bxf6 22. Bd6 Qxc3 23. Qxc3 Bxc3 24. Bxg4 a5 25. Rf8+ Rxf8 26. Bxf8 Bb4 27.
Bxb4 axb4 28. Kg2 g5 29. Kf3 Kg7 30. Ke4 Kf6 31. Kd4 b6 32. Bd7 c5+ 33. Kd5 h5
34. h3 Ke7 35. Bf5 Kf6 36. Bc8 Ke7 37. Kc6 Kf6 38. Kxb6 c4 39. Kb5 b3 40. axb3
cxb3 41. cxb3 Ke5 42. Kc6 1-0

[Event "AUTO-MASTER-2062"]
[Site "http://www.queenalice.com/game.php?id=1270022"]
[Date "2014.4.3"]
[Round "1"]
[White "Lindomar"]
[Black "Gazzana"]
[Result "1/2-1/2"]
[WhiteElo "2187"]
[BlackElo "2176"]

1. d4 Nf6 2. c4 e5 3. dxe5 Ng4 4. Nf3 Nc6 5. Bf4 Bb4+ 6. Nc3 Qe7 7. Qd5 Bxc3+ 8.
bxc3 Qa3 9. Qd2 Qe7 10. Qd5 Qa3 11. Rc1 f6 12. exf6 Nxf6 13. Qd2 d6 14. e3 Bf5
15. Nd4 Bd7 16. Bd3 Qc5 17. O-O a6 18. Rb1 Rb8 19. Qe2 O-O 20. Qc2 Qh5 21. Be2
Qf7 22. Bf3 Qxc4 23. Qb3 Qxb3 24. axb3 Ne5 25. Be2 Ng6 26. Bg3 Ne4 27. Rfc1 Rf6
28. Bd3 Nxg3 29. hxg3 Ne5 30. Be2 Re8 31. Nf3 Bc6 32. Nxe5 Rxe5 33. c4 h5 34.
Rc3 Rg5 35. b4 Rh6 36. b5 Bd7 37. bxa6 bxa6 38. Rb7 Rc5 39. Ra3 a5 40. Ra7 a4
41. Ra8+ Kf7 42. Bf3 Be6 43. R3xa4 Ke7 44. R8a5 Rxc4 45. Rxc4 Bxc4 46. Rxh5 Rxh5
47. Bxh5 Bd3 48. f4 c5 49. Kf2 Kf6 50. Bf3 Ke6 51. e4 Bc4 52. Ke3 Bb5 53. g4 Bc4
54. g3 g5 55. Be2 Bb3 56. Kd2 Kf6 57. Kc3 Be6 58. Bf3 Ba2 59. Kb2 Bc4 60. Ka3
Kg6 61. Ka4 Kf6 62. Ka5 Bd3 63. Ka4 Bc4 64. Ka3 Kg6 65. Kb2 Kf6 66. Kc3 Bb5 67.
Kd2 Bd7 68. Be2 Bc6 69. Ke3 Ba4 70. Kd2 Bc6 71. Bd3 Bd7 72. Be2 Bc6 1/2-1/2

[Event "AUTO-MASTER-2062"]
[Site "http://www.queenalice.com/game.php?id=1270023"]
[Date "2014.4.3"]
[Round "1"]
[White "Gazzana"]
[Black "Lindomar"]
[Result "1-0"]
[WhiteElo "2123"]
[BlackElo "2195"]

1. e4 e5 2. Nc3 Nf6 3. f4 d5 4. fxe5 Nxe4 5. Qf3 f5 6. exf6 Nxf6 7. Bb5+ Nc6 8.
d3 Bg4 9. Qf2 Bb4 10. Bxc6+ bxc6 11. Ne2 O-O 12. O-O Nh5 13. Qe1 d4 14. Rxf8+
Bxf8 15. Ne4 Qd5 16. Nf4 Nxf4 17. Bxf4 Qf7 18. Qg3 Bf5 19. Bxc7 Bxe4 20. dxe4
Rc8 21. Be5 c5 22. c3 dxc3 23. Bxc3 Qc4 24. Qe5 Rd8 25. Rf1 Rd7 26. b3 Qd3 27.
Qe6+ 1-0

[Event "AUTO-MASTER-2062"]
[Site "http://www.queenalice.com/game.php?id=1270032"]
[Date "2014.4.3"]
[Round "1"]
[White "Christhechessplayer"]
[Black "Gazzana"]
[Result "0-1"]
[WhiteElo "2108"]
[BlackElo "2151"]

1. Nf3 d5 2. b3 Nf6 3. Bb2 g6 4. e3 Bg7 5. d4 O-O 6. Nbd2 b6 7. Bd3 c5 8. O-O
Nc6 9. a3 Bb7 10. c4 dxc4 11. Nxc4 cxd4 12. Nxd4 Qd5 13. f3 Rfd8 14. Nxc6 Bxc6
15. Be2 e6 16. Qc2 Qg5 17. Bd4 Rac8 18. Qb2 Nh5 19. Bxg7 Nxg7 20. Rad1 b5 21.
Qe5 Nf5 22. Nd6 Qxe3+ 23. Qxe3 Nxe3 24. Nxc8 Rxc8 25. Rc1 Nxf1 26. Bxf1 a6 27.
a4 bxa4 28. bxa4 Bd7 29. Rxc8+ Bxc8 30. a5 e5 31. Kf2 Kf8 32. Ke3 Ke7 33. Bc4 f5
34. f4 Kd6 35. fxe5+ Kxe5 36. g3 g5 37. Bd3 h6 38. h4 Bb7 39. hxg5 hxg5 40. Be2
Bc8 41. Bd3 Kd5 42. Kd2 Kd4 43. Be2 Ke4 44. Kc3 Ke3 45. Bd1 g4 46. Kc4 f4 47.
Bxg4 fxg3 48. Bxc8 g2 49. Bxa6 g1=Q 50. Bb7 Qf1+ 51. Kc5 Qc1+ 52. Kb6 Kd4 53.
Ka7 Qc5+ 54. Ka6 Kc4 55. Bg2 Kb4 0-1

[Event "AUTO-MASTER-2062"]
[Site "http://www.queenalice.com/game.php?id=1270033"]
[Date "2014.4.3"]
[Round "1"]
[White "Gazzana"]
[Black "Christhechessplayer"]
[Result "1-0"]
[WhiteElo "2113"]
[BlackElo "2068"]

1. e4 e6 2. d4 d5 3. Nc3 Bb4 4. Ne2 dxe4 5. a3 Bxc3+ 6. Nxc3 Nf6 7. Bg5 Nc6 8.
Bb5 Bd7 9. Nxe4 h6 10. Bxf6 gxf6 11. c3 a6 12. Ba4 h5 13. Qf3 f5 14. Nc5 b5 15.
Bc2 a5 16. O-O Rb8 17. Rfe1 Kf8 18. d5 Ne7 19. dxe6 fxe6 20. Rad1 Nd5 21. Bxf5
1-0

[Event "AUTO-MASTER-2072"]
[Site "http://www.queenalice.com/game.php?id=1274386"]
[Date "2014.4.19"]
[Round "1"]
[White "miltonloviski"]
[Black "Gazzana"]
[Result "0-1"]
[WhiteElo "1849"]
[BlackElo "2176"]

1. e4 e5 2. Nf3 Nc6 3. a3 Nf6 4. Nc3 Bc5 5. Bc4 O-O 6. d3 h6 7. Bb5 d6 8. Nd5
Bg4 9. h3 Be6 10. Bxc6 bxc6 11. Nxf6+ Qxf6 12. O-O Rab8 13. b4 Bb6 14. Bb2 Qg6
15. Kh1 f5 16. exf5 Qxf5 17. c4 c5 18. b5 Ba5 19. Nh2 c6 20. a4 d5 21. Qe2 d4
22. Nf3 Bc7 23. Rae1 e4 24. dxe4 Qh5 25. Ng1 Qxe2 26. Nxe2 Bxc4 27. Ba3 d3 28.
Bxc5 dxe2 0-1

[Event "AUTO-MASTER-2072"]
[Site "http://www.queenalice.com/game.php?id=1274387"]
[Date "2014.4.19"]
[Round "1"]
[White "Gazzana"]
[Black "miltonloviski"]
[Result "1-0"]
[WhiteElo "2178"]
[BlackElo "1846"]

1. e4 e5 2. f4 exf4 3. Nf3 g5 4. Bc4 Nc6 5. d4 Bg7 6. c3 d6 7. O-O Bg4 8. Qb3
Na5 9. Qa4+ c6 10. Bd3 b5 11. Bxb5 cxb5 12. Qxb5+ Bd7 13. Qxg5 Qxg5 14. Nxg5 h6
15. Nf3 Nc4 16. Bxf4 Bb5 17. b3 Nb6 18. c4 Bc6 19. Bxd6 Bxe4 20. Re1 f5 21. Nbd2
Kd7 22. Be5 Bxe5 23. Nxe5+ Kc7 24. Nxe4 fxe4 25. Rxe4 Nf6 26. Rf4 Raf8 27. Ng6
Nh5 28. Rxf8 Rh7 29. Raf1 1-0

[Event "AUTO-MASTER-2072"]
[Site "http://www.queenalice.com/game.php?id=1274398"]
[Date "2014.4.19"]
[Round "1"]
[White "rubenov"]
[Black "Gazzana"]
[Result "0-1"]
[WhiteElo "1931"]
[BlackElo "2171"]

1. d4 Nf6 2. Nf3 g6 3. c3 Bg7 4. Na3 d5 5. e3 O-O 6. Bd3 Nbd7 7. Qc2 c5 8. dxc5
Nxc5 9. Be2 Bf5 10. Qd1 a6 11. Nd4 Qd7 12. Nxf5 Qxf5 13. O-O e5 14. Nc2 Rfd8 15.
h3 h5 16. Nb4 Rd6 17. Qc2 Qe6 18. Nd3 Nce4 19. Qb3 Qe7 20. Qd1 Rad8 21. Rb1 b5
22. a3 Nd7 23. Nb4 Ndc5 24. Bf3 d4 25. cxd4 exd4 26. exd4 Bxd4 27. Qc2 Nxf2 28.
Rxf2 Qe1+ 0-1

[Event "AUTO-MASTER-2072"]
[Site "http://www.queenalice.com/game.php?id=1274399"]
[Date "2014.4.19"]
[Round "1"]
[White "Gazzana"]
[Black "rubenov"]
[Result "1-0"]
[WhiteElo "2162"]
[BlackElo "1938"]

1. e4 e5 2. Nc3 Nc6 3. b3 Nf6 4. Nf3 Bc5 5. Be2 d6 6. O-O a6 7. Bb2 Nd4 8. d3
O-O 9. Na4 Nxf3+ 10. Bxf3 Ba7 11. c4 Bd7 12. Nc3 c6 13. Qc2 Bg4 14. Bxg4 Nxg4
15. h3 Nf6 16. Ne2 Qe7 17. Kh1 b5 18. f4 h6 19. fxe5 dxe5 20. Rf5 Nd7 21. Raf1
Rae8 22. Qd2 b4 23. Ng3 Qh4 24. R5f3 g6 25. Qxb4 1-0

[Event "AUTO-MASTER-2062"]
[Site "http://www.queenalice.com/game.php?id=1289350"]
[Date "2014.6.19"]
[Round "2"]
[White "Gazzana"]
[Black "roberval"]
[Result "1-0"]
[WhiteElo "2209"]
[BlackElo "2118"]

1. e4 e5 2. Nc3 Nc6 3. Bc4 f5 4. d3 Nf6 5. Bg5 Bb4 6. Ne2 Na5 7. O-O Nxc4 8.
dxc4 fxe4 9. Nxe4 Be7 10. Bxf6 Bxf6 11. Qd5 c6 12. Nd6+ Ke7 13. Qc5 b6 14. Nxc8+
Ke6 15. Nf4+ exf4 16. Rfe1+ Kf7 17. Nd6+ Kg8 18. Qf5 g6 19. Qxf4 Kg7 20. Rad1
Rf8 21. Nb7 Qc8 22. Rd6 Qxb7 23. Rxf6 Qb8 24. Re7+ 1-0

[Event "AUTO-MASTER-2062"]
[Site "http://www.queenalice.com/game.php?id=1289351"]
[Date "2014.6.19"]
[Round "2"]
[White "roberval"]
[Black "Gazzana"]
[Result "1-0"]
[WhiteElo "2109"]
[BlackElo "2218"]

1. e4 e5 2. Nf3 Nc6 3. d4 exd4 4. Nxd4 Bc5 5. Be3 Qf6 6. c3 a6 7. Bc4 Bxd4 8.
cxd4 d6 9. Nc3 Nge7 10. O-O O-O 11. Rc1 Qg6 12. f4 Bg4 13. Qe1 d5 14. f5 Qd6 15.
exd5 Nb4 16. Ne4 Qb6 17. f6 Nexd5 18. Qh4 Kh8 19. Qxg4 gxf6 20. Bf2 Qe6 21. Qxe6
fxe6 22. Nc5 b5 23. Bxd5 exd5 24. a3 1-0

[Event "AUTO-MASTER-2062"]
[Site "http://www.queenalice.com/game.php?id=1289352"]
[Date "2014.6.19"]
[Round "2"]
[White "Gazzana"]
[Black "Zugswang"]
[Result "1-0"]
[WhiteElo "2199"]
[BlackElo "2162"]

1. e4 g6 2. d4 c5 3. d5 d6 4. c4 b5 5. cxb5 a6 6. Nc3 Bg7 7. Bc4 Nf6 8. Nge2
Nbd7 9. bxa6 Bxa6 10. Bxa6 Rxa6 11. O-O O-O 12. Qc2 Qb6 13. a4 Ne5 14. Nb5 Rfa8
15. Nec3 h6 16. Bf4 Nh5 17. Be3 Ng4 18. Bd2 g5 19. b3 e6 20. Rad1 Be5 21. h3
Ngf6 22. g3 Bd4 23. Ne2 exd5 24. Nexd4 cxd4 25. exd5 Nxd5 26. Qc4 Nhf6 27. Rfe1
Rf8 28. Nxd4 Raa8 29. Nf5 Kh7 30. Qd3 Qa6 31. Qb1 Kh8 32. Nxh6 Nh7 33. Qf5 Ndf6
34. Bc3 Kg7 35. Ng4 d5 36. Bxf6+ Nxf6 37. Qxg5+ 1-0

[Event "AUTO-MASTER-2062"]
[Site "http://www.queenalice.com/game.php?id=1289353"]
[Date "2014.6.19"]
[Round "2"]
[White "Zugswang"]
[Black "Gazzana"]
[Result "1/2-1/2"]
[WhiteElo "2184"]
[BlackElo "2210"]

1. e4 e5 2. f4 d5 3. exd5 e4 4. Bc4 Nf6 5. Nc3 Bc5 6. d4 exd3 7. Qxd3 O-O 8. h3
Re8+ 9. Nge2 Nh5 10. g3 Bf5 11. Qf3 Nf6 12. Bd3 Bxd3 13. Qxd3 c6 14. Bd2 Nxd5
15. O-O-O Na6 16. a3 Nxc3 17. Nxc3 Qxd3 18. cxd3 Rad8 19. Kc2 Nc7 20. g4 Nd5 21.
Nxd5 Rxd5 22. Rhe1 Kf8 23. Rxe8+ Kxe8 24. b4 Bf2 25. Rf1 Bh4 26. a4 Kd7 27. g5
Rf5 28. d4 Bxg5 29. Kd3 Bd8 30. Ke4 g6 31. Rc1 Rh5 32. Rc3 Bc7 33. Rf3 Rf5 34.
Rd3 Ke6 35. a5 Rh5 36. Rf3 f5+ 37. Kd3 Kd5 38. Be1 h6 39. Bf2 b6 40. a6 g5 41.
fxg5 Rxg5 42. h4 Rh5 43. Re3 Bd8 44. Re5+ Kd6 45. Bg3 Kd7 46. d5 Bxh4 47. dxc6+
Kxc6 48. b5+ Kd7 49. Bxh4 Rxh4 50. Rxf5 Kd6 51. Kc3 Ke6 52. Rf8 Kd6 53. Rf5 Ke7
1/2-1/2

[Event "AUTO-MASTER-2072"]
[Site "http://www.queenalice.com/game.php?id=1299268"]
[Date "2014.8.4"]
[Round "2"]
[White "toomchess"]
[Black "Gazzana"]
[Result "0-1"]
[WhiteElo "2135"]
[BlackElo "2202"]

1. e4 e5 2. Nf3 Nc6 3. Bc4 Nf6 4. Ng5 d5 5. exd5 Na5 6. d3 Nxc4 7. dxc4 Bc5 8.
Qf3 Bg4 9. Qg3 O-O 10. Nc3 Bf5 11. O-O Bxc2 12. Be3 Bd4 13. Rac1 Bg6 14. Bxd4
exd4 15. Nb5 Nh5 16. Qh4 d3 17. f4 h6 18. Nf3 a6 19. Nc3 Qxh4 20. Nxh4 d2 21.
Rcd1 Bd3 22. Rf2 Bxc4 23. b3 Bb5 24. Nxb5 axb5 25. Rdxd2 Rfe8 26. g3 Nf6 27. Rd3
Re1+ 28. Rf1 Rxf1+ 29. Kxf1 Rxa2 30. Nf3 Kf8 31. d6 cxd6 32. Rxd6 Ne4 33. Rd4
Rf2+ 34. Ke1 Rxf3 35. Rxe4 Rxb3 36. Kd1 Rd3+ 37. Kc2 Rd5 38. Kc3 Rc5+ 39. Kb3 g5
40. fxg5 hxg5 41. h4 Rc4 42. Re5 gxh4 43. Rxb5 Rg4 44. gxh4 Rxh4 45. Rxb7 Rd4
46. Kc3 Rd8 47. Rc7 Kg7 48. Ra7 Kg6 49. Rb7 f5 50. Rb4 Kg5 51. Rb7 f4 52. Rf7
Kg4 53. Rg7+ Kh3 54. Rf7 Kg3 55. Rg7+ Kf2 56. Rf7 f3 57. Kc2 Kg2 58. Rg7+ Kf1
59. Rf7 f2 60. Rf6 Rd5 61. Rf8 Kg2 62. Rg8+ Kf3 63. Rf8+ Kg3 64. Rg8+ Kf4 0-1

[Event "AUTO-MASTER-2072"]
[Site "http://www.queenalice.com/game.php?id=1299269"]
[Date "2014.8.4"]
[Round "2"]
[White "Gazzana"]
[Black "toomchess"]
[Result "1-0"]
[WhiteElo "2203"]
[BlackElo "2128"]

1. e4 e5 2. Nc3 Bb4 3. Nd5 Bc5 4. Qg4 g6 5. Qg3 d6 6. b4 Bb6 7. Nxb6 axb6 8. Bc4
Nc6 9. c3 Nf6 10. d3 Be6 11. Bxe6 fxe6 12. Nf3 Qe7 13. a3 Nh5 14. Qg4 O-O 15.
Bh6 Rf7 16. Ng5 Rf6 17. O-O Re8 18. Nh3 Rf7 19. f4 exf4 20. Nxf4 Ne5 21. Qe2 Ng7
22. d4 Nd7 23. Nh3 Ref8 24. Rxf7 Rxf7 25. Ng5 Rf8 26. Qc4 Qf6 27. Bxg7 Qxg7 28.
Nxe6 Qf7 29. Rf1 Qxf1+ 30. Qxf1 Rxf1+ 31. Kxf1 c5 32. Ke2 Nf6 33. Kf3 cxb4 34.
cxb4 d5 35. exd5 Nxd5 36. Ke4 Nc3+ 37. Ke5 Nb5 38. Kf6 Nd6 39. d5 Nc8 40. Nd8
Kf8 41. Ke6 g5 42. Nxb7 Ne7 43. d6 Nc6 44. d7 1-0

[Event "AUTO-MASTER-2072"]
[Site "http://www.queenalice.com/game.php?id=1299272"]
[Date "2014.8.4"]
[Round "2"]
[White "WeirdGoblin"]
[Black "Gazzana"]
[Result "0-1"]
[WhiteElo "2265"]
[BlackElo "2230"]

1. d4 Nf6 2. Nf3 g6 3. c4 Bg7 4. Nc3 d5 5. Bg5 c6 6. Bxf6 Bxf6 7. cxd5 cxd5 8.
Qb3 e6 9. e3 O-O 10. Be2 Nc6 11. O-O a6 12. Na4 b5 13. Nc5 e5 14. dxe5 Bxe5 15.
Nxe5 Nxe5 16. Rfd1 Nc4 17. e4 Qf6 18. exd5 Nxb2 19. Rdb1 Qe7 20. d6 Qxe2 21.
Rxb2 Qe5 22. d7 Qxc5 23. dxc8=B Raxc8 24. g3 Qc3 25. Qxc3 Rxc3 26. a4 Rc5 27.
axb5 axb5 28. Rab1 Rb8 29. h4 Kg7 30. Kg2 h5 31. Rb4 f6 32. g4 hxg4 33. Rxg4 Kf7
34. Re4 Re8 35. Reb4 Ree5 36. Kg3 Rh5 37. Re4 Rc4 38. Rxc4 bxc4 39. Rb7+ Ke6 40.
Rc7 Kd5 41. Kf3 Rxh4 42. Ke3 Re4+ 43. Kd2 Rf4 44. Ke3 g5 45. Rc8 Re4+ 46. Kd2
Re6 47. Rc7 Rc6 48. Re7 c3+ 49. Kc2 Kd4 50. Re8 g4 51. Re7 f5 52. Re8 Ra6 53.
Rd8+ Ke4 54. Kxc3 Ra2 0-1

[Event "AUTO-MASTER-2072"]
[Site "http://www.queenalice.com/game.php?id=1299273"]
[Date "2014.8.4"]
[Round "2"]
[White "Gazzana"]
[Black "WeirdGoblin"]
[Result "1-0"]
[WhiteElo "2214"]
[BlackElo "2331"]

1. e4 e6 2. d4 d5 3. exd5 exd5 4. c4 Bb4+ 5. Nc3 Nf6 6. Nf3 c6 7. Bg5 Qa5 8. Bd2
O-O 9. Be2 dxc4 10. Bxc4 Re8+ 11. Ne5 Be6 12. Bxe6 Rxe6 13. O-O Nbd7 14. f4 Qb6
15. Be3 c5 16. Na4 Qd8 17. Nxc5 Bxc5 18. dxc5 Nxe5 19. fxe5 Rxe5 20. Bd4 Rd5 21.
Bxf6 Rxd1 22. Bxd8 Rxa1 23. Rxa1 Rxd8 24. Re1 Kf8 25. Kf2 Rd2+ 26. Re2 Rxe2+ 27.
Kxe2 Ke7 28. Ke3 Kd7 29. Kd4 Kc6 30. Kc4 f5 31. b4 a6 32. a4 Kd7 33. Kd5 g5 34.
b5 axb5 35. axb5 f4 36. Ke5 Ke7 37. Kf5 h6 38. h3 Kf7 39. c6 1-0

[Event "AUTO-MASTER-2072"]
[Site "http://www.queenalice.com/game.php?id=1299274"]
[Date "2014.8.4"]
[Round "2"]
[White "AsterixTwin"]
[Black "Gazzana"]
[Result "1-0"]
[WhiteElo "2258"]
[BlackElo "2213"]

1. e4 e5 2. Nf3 Nc6 3. Bb5 a6 4. Bxc6 dxc6 5. O-O Bd6 6. d4 Bg4 7. dxe5 Bxf3 8.
Qxf3 Bxe5 9. Qb3 Rb8 10. Nd2 Nf6 11. Nf3 Qe7 12. Nxe5 Qxe5 13. Qg3 Qxg3 14. hxg3
O-O 15. f3 Rbd8 16. Bf4 Rd7 17. Kf2 Rfd8 18. Ke2 Nh5 19. Rad1 Nxf4+ 20. gxf4 Kf8
21. Rxd7 Rxd7 22. Rd1 Rxd1 23. Kxd1 c5 24. f5 Ke7 25. e5 b5 26. Ke2 g6 27. fxg6
hxg6 28. Ke3 Ke6 29. Ke4 g5 30. g3 c4 31. c3 c6 32. a3 f6 33. exf6 Kxf6 34. f4
gxf4 35. Kxf4 Ke6 36. Ke4 c5 37. g4 a5 38. g5 b4 39. g6 a4 40. g7 1-0

[Event "AUTO-MASTER-2072"]
[Site "http://www.queenalice.com/game.php?id=1299275"]
[Date "2014.8.4"]
[Round "2"]
[White "Gazzana"]
[Black "AsterixTwin"]
[Result "1/2-1/2"]
[WhiteElo "2212"]
[BlackElo "2269"]

1. e4 c5 2. Nf3 d6 3. d4 cxd4 4. Nxd4 Nf6 5. Nc3 Nc6 6. Bc4 e6 7. O-O Be7 8. Kh1
O-O 9. a3 a6 10. f4 Nxd4 11. Qxd4 b5 12. Ba2 Bb7 13. f5 exf5 14. exf5 Rc8 15.
Bf4 Qd7 16. Rad1 Qxf5 17. Bxd6 Qg6 18. Bg3 Nh5 19. Rd3 Rcd8 20. Nd5 Bxd5 21.
Bxd5 Nf6 22. c4 bxc4 23. Qxc4 Rc8 24. Qb3 Nxd5 25. Rxd5 Rc2 26. Qb7 Bf6 27. b4
h5 28. Rd6 Re8 29. Qf3 Rc3 30. Qxc3 Bxc3 31. Rxg6 fxg6 32. Kg1 Re2 33. Rf2 Re1+
34. Rf1 Re2 35. Rf3 Bd4+ 36. Kf1 Ra2 37. Rb3 Kf7 38. h3 g5 39. Be1 g4 40. hxg4
hxg4 41. Rd3 Bf6 42. Re3 Kg6 43. Rd3 Ra1 44. Ke2 Ra2+ 45. Kf1 1/2-1/2